[Event "27th Keres Memorial 2018"]
[Site "Tallinn"]
[Date "2018.01.13"]
[Round "4"]
[White "Kovalenko, Igor"]
[Black "Meskovs, Nikita"]
[Result "1-0"]
[WhiteElo "2713"]
[BlackElo "2577"]
[Annotator "TA"]
[PlyCount "75"]
[EventDate "2018.??.??"]
[EventType "swiss"]
[EventCountry "EST"]
[SourceTitle "playchess.com"]
[Source "ChessBase"]
[SourceQuality "1"]

{[%evp 17,75,22,22,-24,-23,-30,-28,-25,-19,-18,6,-30,33,-25,205,192,227,234,336,191,211,58,58,45,31,43,81,76,50,56,67,20,121,117,161,118,112,95,228,187,212,177,173,115,100,88,140,175,147,103,575,560,29992,29993,29993,29994,29994,756,29995,29996]} 1. e4 e5 2. Bc4 Nc6 3. d3 Nf6 4. a4 Bc5 5. c3 a5 6. Nf3 O-O 7. O-O d6 8. Bg5 {C54: Giuoco Piano: 4 c3 Nf6, main lines with 5 d4 and 5 d3} h6 9. Bh4 g5 {LiveBook: 9 Games} 10. Nxg5 $146 {The position is equal.} ({Predecessor:} 10. Bg3 Kg7 11. Re1 g4 12. Bh4 Ne7 13. Bxf6+ Kxf6 14. d4 Bb6 15. Nh4 Kg7 {0-1 (51) Hou,Y (2652)-Ding,L (2773) Moscow 2017}) 10... hxg5 11. Bxg5 Kg7 12. Qf3 $1 Rh8 13. Nd2 Be6 14. Rae1 Qe7 (14... Bxc4 $11 15. Nxc4 Qe7) 15. Bb5 (15. Bd5 $14) 15... Nb8 $2 {[#]} (15... Bd7 $11 {and Black stays safe.}) 16. d4 $1 $18 {[%cal Rd4c5][%mdl 512]} Bb6 ({Not} 16... exd4 $2 17. e5 $18) 17. Qg3 {White threatens Bxf6+ and mate.} Kh7 (17... Nh5 {was necessary.}) 18. f4 (18. dxe5 $142 dxe5 19. Qxe5) 18... Nh5 ({Don't blunder} 18... exd4 $2 19. e5 $18) 19. Bxe7 $2 ({Less strong is} 19. Qh4 f6 $14) ({White should try} 19. Qf3 $18 f6 20. fxe5 (20. Qxh5+ Kg7 $14) 20... fxg5 21. Qxh5+ Kg7 22. exd6 cxd6 23. Qe2) 19... Nxg3 $14 20. hxg3 {Threatens to win with Bf6.} exd4 21. Kh2 {Strongly threatening Bf6.} Nc6 22. Bh4 $36 {[%mdl 2048] White is on the roll.} dxc3 23. bxc3 {And now Bxc6 would win.} Kg7 24. Nc4 Bxc4 (24... Bc5 $11) 25. Bxc4 $16 Rh5 26. Bd5 Ne7 27. Bxb7 Ra7 (27... Rah8 $16) 28. Bd5 Nxd5 29. exd5 Rxd5 30. Rf3 (30. f5 $18) 30... Ra8 31. g4 Rh8 {[#]} (31... Rd2 $142) 32. Kg3 $1 Rd2 33. Bg5 f6 $2 {[%mdl 8192]} (33... Ra2 $16 {is a better chance.}) 34. Re7+ $18 Kg6 35. f5+ Kxg5 36. Rg7+ Kh6 37. Rg6+ Kh7 38. Kh2 {Precision: White = 53%, Black = 33%.} 1-0

[Event "27th Keres Memorial 2018"]
[Site "Tallinn"]
[Date "2018.01.13"]
[Round "4"]
[White "Fridman, Daniel"]
[Black "Ehlvest, Jaan"]
[Result "1-0"]
[WhiteElo "2671"]
[BlackElo "2549"]
[Annotator "TA"]
[PlyCount "111"]
[EventDate "2018.??.??"]
[EventType "swiss"]
[EventCountry "EST"]
[SourceTitle "playchess.com"]
[Source "ChessBase"]
[SourceQuality "1"]

{[%evp 16,111,47,16,27,35,43,39,60,34,42,8,9,7,26,-4,-10,-6,0,-55,16,21,41,11,39,15,33,-29,-25,-44,-28,-37,-50,-20,-22,-84,-85,-91,-86,-66,-23,-81,-41,-71,96,-74,-74,-135,-160,-122,-142,-214,617,624,894,968,890,889,1034,1015,1015,-802,-805,-727,-660,-580,0,0,0,0,0,0,0,0,0,0,0,0,0,0,326,473,448,418,508,501,429,414,417,415,377,312,1383,1364,1256,1245,925,654]} 1. d4 g6 2. Nf3 Bg7 3. g3 Nf6 4. Bg2 O-O 5. O-O d6 6. b3 Nbd7 7. Bb2 c6 8. c4 a6 {E60: King's Indian: Unusual lines and Fianchetto Variation without Nc3} (8... Re8 9. Nc3 e5 10. e4 exd4 11. Nxd4 Nc5 12. Re1 Ng4 13. b4 Qb6 14. a3 a5 15. Na2 axb4 16. axb4 Na4 {0-1 (16) Vachier Lagrave,M (2795)-Grischuk,A (2750) chess.com INT 2017}) 9. Nc3 {LiveBook: 3 Games} b5 10. Nd2 b4 $146 {White is slightly better.} ({Predecessor:} 10... Qb6 11. Qc2 Bb7 12. e3 Rac8 13. Rab1 a5 14. Nce4 Ne8 15. c5 Qc7 16. cxd6 exd6 {½-½ (42) Bjornsson,T (2143)-Gunnarsson,J (2409) Reykjavik 2013}) 11. Na4 Qc7 12. a3 a5 13. axb4 axb4 14. Qc2 Ra5 15. e4 c5 16. d5 e5 17. f4 (17. dxe6 $1 $11 fxe6 18. Bh3) 17... Ng4 (17... exf4 $15 18. gxf4 Nh5) 18. Rae1 $11 f5 19. exf5 gxf5 20. h3 Nh6 21. Nf3 ({White should try} 21. Rf2 $14) 21... e4 22. Bxg7 Kxg7 23. Ng5 Nf6 24. Qb2 Kg8 25. Ne6 (25. Rf2 $11 {remains equal.}) 25... Bxe6 $1 $17 26. dxe6 Qg7 $1 27. Re3 d5 {[%cal Bd6d5,Bd5d4][%mdl 32]} 28. Qe5 (28. cxd5 $1 $11 Nxd5 29. Qxg7+ Kxg7 30. Re2) 28... d4 29. Ree1 Nh5 $2 (29... Re8 $17 {stays on course.} 30. g4 (30. Nxc5 $2 Qe7 $19) 30... fxg4) 30. e7 $2 (30. g4 $1 $16 {is necessary to keep the advantage.}) 30... Re8 31. Qd5+ (31. g4 $142 Ng3 32. Qd5+ Kh8 33. Nxc5) 31... Qf7 $1 {[%cal Rf7d5] White must now prevent ...Qxd5.} 32. Qd6 Nxg3 33. Qxh6 (33. Rf2 $17 Qg6 34. Qd8) 33... Qxe7 $4 {[%mdl 8192] [#]} (33... Nxf1 $19 34. Kxf1 Qxe7) 34. Rf3 $1 $18 {[%mdl 512]} exf3 35. Rxe7 Rxe7 36. Qg5+ Rg7 37. Qd8+ Kf7 38. Qxa5 $4 {[%mdl 8192]} (38. Qc7+ $18 Kf8 39. Qc8+ Ke7 40. Bxf3 Ne4+ 41. Kh2 Rxa4 42. bxa4) 38... Ne2+ $19 39. Kf2 fxg2 40. Qc7+ Kf8 $2 (40... Kg6 $19 41. Qc6+ Kh5 42. Qxg2 Rxg2+ 43. Kxg2 d3) 41. Qxc5+ Kf7 42. Qxf5+ Kg8 43. Qe6+ Kf8 44. Qd6+ Kf7 45. Qd5+ Kf8 46. Qa8+ Kf7 47. Qb7+ Kf8 $2 {[%mdl 8192]} (47... Kf6 $11 {and Black has nothing to worry.} 48. Qc6+ Kf7 49. Qd7+ Kf8 50. Qd8+ Kf7 51. Qd7+ Kf8 52. Qd8+ Kf7 53. Qd7+) 48. Qxb4+ $18 Kf7 49. Qb7+ Kf6 50. Qxg7+ Kxg7 51. Kxg2 Nxf4+ {[#] KN-KN} 52. Kg3 $1 {[%cal Rg3f4]} Nd3 {[#]} 53. Kf3 $1 Nb4 $2 (53... h5 54. h4 Ne1+ 55. Ke4 d3) 54. Ke4 {White is clearly winning.} d3 55. Ke3 Kf6 56. Nc5 {Precision: White = 35%, Black = 33%.} 1-0

[Event "27th Keres Memorial 2018"]
[Site "Tallinn"]
[Date "2018.01.13"]
[Round "4"]
[White "Turov, Maxim"]
[Black "Stupak, Kirill"]
[Result "0-1"]
[WhiteElo "2640"]
[BlackElo "2527"]
[Annotator "TA"]
[PlyCount "104"]
[EventDate "2018.??.??"]
[EventType "swiss"]
[EventCountry "EST"]
[SourceTitle "playchess.com"]
[Source "ChessBase"]
[SourceQuality "1"]

{[%evp 13,104,-2,12,0,15,0,5,10,11,2,14,0,0,0,39,37,43,40,61,47,53,33,68,60,66,66,59,63,81,65,66,52,57,13,20,-33,15,27,40,29,44,39,44,17,20,0,0,0,0,0,0,-141,-147,-274,-274,-260,-259,-270,-262,-551,-516,-518,-519,-486,-349,-378,-360,-408,-400,-465,-462,-375,0,-365,-365,-365,-364,-956,-745,-683,-967,-932,-872,-1043,-1040,-1107,-1104,-1008,-1000,-29965,-29968,-6019,-5406]} 1. Nf3 d5 2. g3 g6 3. Bg2 Bg7 4. d4 Nf6 5. O-O O-O 6. c4 c6 7. Qb3 a5 8. cxd5 {D78: Fianchetto Grünfeld: 6 0-0 c6} (8. Rd1 a4 9. Qb4 Re8 10. Na3 e6 11. Bf4 Nbd7 12. Rac1 Ne4 13. Ne5 Bf8 14. Qe1 Nxe5 15. Bxe5 f6 16. Bf4 Nd6 17. h4 Bd7 18. Qc3 f5 19. Bg5 Qa5 20. Qxa5 Rxa5 21. Bd2 Raa8 {½-½ (21) Cheparinov,I (2710)-Ding,L (2777) Riadh 2017}) 8... a4 9. Qd1 cxd5 10. Nc3 {The position is equal.} Qa5 11. Ne5 Nc6 12. e3 Rd8 $146 ({Predecessor:} 12... e6 13. Nd3 b6 14. Bd2 Qa6 15. Qc2 Bd7 {½-½ (47) Lenderman,A (2623)-Bareev,E (2669) Las Vegas 2015}) 13. Bd2 {[#] Threatens to win with Nxc6.} Qa6 14. f4 e6 15. Rf2 Bd7 16. Bf1 Qa7 17. Nxd7 (17. g4 {with more complications.} Ne8 18. h4 Nd6 19. h5 Be8 20. g5) 17... Nxd7 18. Rc1 Nb6 19. Nb5 Qb8 $1 20. g4 Nc8 21. Be1 Nd6 22. Rg2 Rc8 23. Nc3 {[%cal Bb5c3,Bc3a4,Ba4c5][%mdl 32]} b5 24. f5 (24. b3 $11) 24... a3 ({Of course not} 24... gxf5 $6 25. Bg3 $16) 25. fxe6 fxe6 26. Bg3 {[#] Hoping for Nxb5!} Na7 27. Qb3 Qb6 28. Na4 Qd8 29. Nc5 axb2 30. Rxb2 Nc4 {Strongly threatening ...Rxc5.} 31. Rf2 ({Reject} 31. Bxc4 dxc4 32. Qc2 Qg5 $17) 31... Qe7 32. Rd1 (32. a4 $11 bxa4 33. Nxa4) 32... Nc6 $17 {[%cal Ba7c6,Bc6a5,Ba5b3][%mdl 32]} 33. Rf3 (33. Re1 $17) 33... Ra3 $19 34. Bxc4 Rxb3 35. Bxb3 Na5 36. Rc1 $2 (36. Kg2) 36... Nxb3 37. axb3 e5 {[%cal Be6e5,Be5e4][%mdl 32]} 38. Bf2 e4 39. Rg3 Ra8 40. g5 Ra2 41. Rg2 Qf7 42. Rf1 Qe7 $2 ({Don't play} 42... Qf3 43. Ne6 $19) ({Better is} 42... Qf5 $19 {And now ...b4 would win.} 43. b4 Bf8) 43. Bh4 $2 {[%mdl 8192]} (43. Rc1 $1 $11 Qf7 44. Rf1) 43... Rxg2+ 44. Kxg2 h6 45. gxh6 $2 (45. Rf2) 45... Qxh4 46. hxg7 {[%mdl 4096] Endgame KQ-KRN} Qg4+ 47. Kh1 Kxg7 48. Rf2 b4 49. Rf1 Qe2 {[%cal Re2f1]} 50. Ne6+ Kh6 {[%cal Re2f1]} 51. Rf8 Qd1+ 52. Kg2 Qg4+ {Precision: White = 30%, Black = 66%.} 0-1

[Event "27th Keres Memorial 2018"]
[Site "Tallinn"]
[Date "2018.01.13"]
[Round "4"]
[White "Neiksans, Arturs"]
[Black "Alekseev, Evgeny"]
[Result "1/2-1/2"]
[WhiteElo "2590"]
[BlackElo "2697"]
[Annotator "TA"]
[PlyCount "95"]
[EventDate "2018.??.??"]
[EventType "swiss"]
[EventCountry "EST"]
[SourceTitle "playchess.com"]
[Source "ChessBase"]
[SourceQuality "1"]

{[%evp 12,95,28,24,50,50,39,40,39,40,65,58,60,61,68,52,60,15,25,7,16,10,11,14,31,0,0,0,0,0,0,-29,-8,-49,-41,-84,-70,-71,-60,-66,-79,-76,-33,-49,-54,-59,-50,-146,-72,-104,-84,-163,-159,-210,-197,-168,-170,-214,-206,-245,-221,-284,-233,-275,-215,-294,-227,-511,-482,-455,-446,-543,-348,-316,-275,-256,-120,-110,-106,-108,-75,-82,-8,-8,-9,-51]} 1. c4 c5 2. Nf3 Nc6 3. d4 cxd4 4. Nxd4 Qb6 5. Nb3 e6 6. Nc3 Nf6 7. a3 d6 {A31: Symmetrical English: 2 Nf3 Nf6 3 d4} 8. e4 Be7 (8... a6 9. Be2 Be7 10. O-O O-O 11. Bf4 Rd8 12. Rc1 Ne5 13. Qc2 Qc7 14. Nd2 b6 15. Nf3 {½-½ (61) Alekseev,E (2622)-Kryakvin,D (2583) Sochi 2017}) 9. Be2 O-O {White is slightly better.} 10. O-O Qd8 11. Be3 b6 12. f4 Bb7 13. Rc1 Nd7 $146 ({Predecessor:} 13... Rc8 14. Qd3 Qc7 15. Bf3 {½-½ (58) Harika,D (2511)-Satyapragyan,S (2410) Gibraltar 2016}) 14. Kh1 Nc5 15. Nd2 a5 {[%cal Ba7a5,Ba5a4][%mdl 32]} 16. Nb3 Re8 17. Bf3 Qb8 18. Qc2 Bf6 19. Rfd1 a4 20. Nxc5 bxc5 21. Nb5 Be7 22. Rd3 e5 23. Qd1 {[%cal Rb5d6]} Nd4 24. Nc3 Bc6 25. Rb1 Bf6 26. f5 g6 27. g4 Qd8 28. Bg2 Bg5 29. Bg1 (29. Qd2 $15 Bxe3 30. Qxe3) 29... Kh8 (29... Re7 $142 30. Nd5 Rb7) 30. Qf1 Ra7 (30... Rb8 {seems wilder.} 31. Qd1 Rb3 32. Nd5 Qb8 33. Be3 Bxe3 34. Rxb3 Qxb3 35. Qxb3 Nxb3 36. Nxe3 Rb8) 31. Qf2 (31. Bf3 $17) 31... Rb7 $19 32. h3 (32. Nd5 $17) 32... Qe7 33. Bh2 Bh4 34. Qd2 Reb8 35. Bg1 Bg5 36. Qf2 Kg8 37. Bh2 Bh4 38. Qd2 Rb3 39. Nd1 $2 {[#]} (39. Bg1 {was worth a try.}) 39... Bg5 40. Rxb3 Rxb3 ({Less strong is} 40... Bxd2 41. Rxb8+ Kg7 42. Nc3 $19) 41. Qe1 Bf4 42. Nc3 Qg5 43. Qf2 Bxh2 ({Not} 43... gxf5 44. exf5 Be3 45. Qg3 $17) (43... Be3 $19 44. Qf1 Bd2) 44. Kxh2 $17 Qf4+ 45. Kg1 Kg7 46. Rf1 Qxf2+ (46... f6 $17) 47. Rxf2 $11 f6 48. Bf1 {Precision: White = 43%, Black = 54%.} 1/2-1/2

[Event "27th Keres Memorial 2018"]
[Site "Tallinn"]
[Date "2018.01.13"]
[Round "4"]
[White "Aleksandrov, Aleksej"]
[Black "Meier, Georg"]
[Result "1/2-1/2"]
[WhiteElo "2567"]
[BlackElo "2660"]
[Annotator "TA"]
[PlyCount "35"]
[EventDate "2018.??.??"]
[EventType "swiss"]
[EventCountry "EST"]
[SourceTitle "playchess.com"]
[Source "ChessBase"]
[SourceQuality "1"]

{[%evp 9,35,24,31,19,22,0,0,0,0,0,0,0,0,-5,0,0,0,0,18,-6,0,-12,-6,-8,0,0,0,0]} 1. d4 e6 2. c4 b6 3. e4 Bb4+ 4. Bd2 Bxd2+ 5. Qxd2 d5 6. cxd5 {C01: French: Exchange Variation} exd5 {The position is equal.} 7. e5 Ne7 8. Nc3 O-O 9. Rd1 $146 ({Predecessor:} 9. Nf3 c5 10. Be2 Nbc6 11. dxc5 bxc5 {1-0 (28) Laznicka,V (2647)-Meier,G (2650) Riadh 2017}) 9... c5 10. Nf3 Nbc6 {Strongly threatening ...Bg4.} 11. Be2 cxd4 12. Nb5 Ng6 13. O-O Bd7 (13... Bg4 {is more complex.} 14. Nfxd4 Nxd4 15. Nxd4 Nxe5 16. h3 Bxe2 17. Nxe2 Nc4) 14. Nbxd4 Ncxe5 15. Nxe5 Nxe5 16. Nf3 Nxf3+ 17. Bxf3 Be6 18. Bxd5 1/2-1/2

[Event "27th Keres Memorial 2018"]
[Site "Tallinn"]
[Date "2018.01.13"]
[Round "4"]
[White "Kantans, Toms"]
[Black "Potkin, Vladimir"]
[Result "0-1"]
[WhiteElo "2531"]
[BlackElo "2650"]
[Annotator "TA"]
[PlyCount "102"]
[EventDate "2018.??.??"]
[EventType "swiss"]
[EventCountry "EST"]
[SourceTitle "playchess.com"]
[Source "ChessBase"]
[SourceQuality "1"]

{[%evp 16,102,14,12,17,0,0,0,0,-11,2,-13,0,-10,0,0,-13,0,19,21,4,10,18,2,12,0,0,0,0,0,0,0,0,0,0,0,0,-4,-10,-5,-8,-210,-209,-210,-211,-210,-172,-196,-196,-174,-133,-143,-144,-236,-236,-191,-215,-298,-165,-165,0,-309,-305,-451,-447,-435,-419,-533,-545,-550,-547,-2138,-1318,-12794,-72,-72,-72,-72,-72,-68,-68,-995,-964,-941,-892,-870,-4989,-4682,-4674]} 1. e4 c5 2. Nf3 e6 3. d4 cxd4 4. Nxd4 Nc6 5. Nc3 Qc7 6. Be3 a6 7. Qf3 {B48: Sizilianisch (Paulsen-Variante)} (7. a3 Be7 8. f4 b5 9. Qf3 Bb7 10. Bd3 Nf6 11. O-O h5 12. h3 Nxd4 13. Bxd4 Bc5 14. Qf2 d6 15. e5 {0-1 (61) Grischuk,A (2772)-Harikrishna,P (2744) Huaian 2017}) 7... d6 8. O-O-O Bd7 9. g4 {LiveBook: 3 Partien. Die Stellung ist ausgeglichen.} b5 {[%cal Bb7b5,Bb5b4][%mdl 32]} 10. Kb1 $146 ({Vorgänger:} 10. Nxc6 Bxc6 11. Bd3 Nf6 12. g5 Nd7 13. Kb1 Ne5 14. Qg2 b4 {1-0 (31) Konguvel,P (2379)-Venkatesh,M (2445) Pardubice 2016}) 10... Ne5 11. Qg3 b4 12. Nce2 Nf6 13. f3 Nc4 14. Bc1 Rc8 15. g5 Nh5 16. Qe1 $1 a5 17. Ng3 Nxg3 18. hxg3 g6 $1 19. f4 e5 20. Nf3 Bg4 21. Be2 Bg7 22. f5 $1 gxf5 23. Nh4 $1 {[#]} Na3+ $1 {[%mdl 512]} 24. bxa3 {Droht stark Td2.} Qxc2+ 25. Ka1 {zielt auf Lxg4 ab.} Qxe2 ({Viel schlechter ist} 25... Bxe2 $6 26. Rd2 $16) 26. Qxe2 Bxe2 27. Rd2 Bg4 28. exf5 $2 (28. Nxf5 $11 {und Weiss muss sich keine Sorgen machen.} Bxf5 29. exf5) 28... Kd7 $19 29. axb4 axb4 30. Re1 Rhe8 $36 {[%mdl 2048] Schwarz ist am Drücker.} 31. Bb2 f6 32. Re4 Bh5 33. gxf6 Bxf6 34. Rxb4 (34. g4 $17 Bf7 35. Nf3) 34... Rb8 35. Rxb8 Rxb8 36. Bc3 Kc6 (36... Rg8 $142 37. Rd3 Bf7) 37. Rc2 {[#] Und Lxe5+ würde nun gewinnen.} Kd7 (37... Kb7 $142 $1 38. Be1 d5) 38. Rd2 $1 Rg8 39. Bb4 (39. Rd3 $142) 39... e4+ {[%cal Be5e4,Be4e3][%mdl 32]} 40. Kb1 Be5 41. f6 e3 42. Rd3 Rxg3 43. Bxd6 Bxd6 44. Rxd6+ {[%mdl 4096] Endspiel KTL-KTS} Kc7 $2 (44... Kxd6 $19 {ist viel giftiger.} 45. Nf5+ Ke6 46. Nxg3 e2 47. Nxe2 Bxe2) 45. Re6 $17 e2 46. Kc2 Rg1 47. f7 Rf1 48. Re7+ $2 {[%mdl 8192]} (48. Ng2 $15) 48... Kd6 $19 {Schwarz steht klar auf Gewinn.} 49. Re3 Rxf7 50. a4 Rf1 51. Ng2 Rg1 {Precision: Weiß = 52%, Schwarz = 59%.} 0-1

[Event "27th Keres Memorial 2018"]
[Site "Tallinn"]
[Date "2018.01.13"]
[Round "4"]
[White "Kanep, Meelis"]
[Black "Kovalev, Vladislav"]
[Result "1/2-1/2"]
[WhiteElo "2487"]
[BlackElo "2642"]
[Annotator "TA"]
[PlyCount "28"]
[EventDate "2018.??.??"]
[EventType "swiss"]
[EventCountry "EST"]
[SourceTitle "playchess.com"]
[Source "ChessBase"]
[SourceQuality "1"]

{[%evp 16,28,20,0,0,0,0,0,0,0,0,0,0,0,0]} 1. d4 Nf6 2. c4 g6 3. Nc3 Bg7 4. e4 d6 5. h3 O-O 6. Bg5 c5 7. d5 e6 8. Nf3 exd5 {E71: King's Indian: 4 e4 d6 5 h3} 9. exd5 {LiveBook: 3 Games. The position is equal.} (9. cxd5 h6 10. Be3 a6 11. a4 Re8 12. Bd3 Nbd7 13. O-O Nh5 14. Re1 Qf6 15. Rc1 Nf4 16. Bf1 Ne5 17. Nxe5 Qxe5 18. Nb1 Bd7 19. Na3 Qf6 20. f3 {1-0 (36) Kazhgaleyev,M (2589)-Topalov,V (2752) Astana 2012}) 9... Qb6 10. Be2 Qxb2 11. Na4 Qa3 $146 {[#] ...Ne4 is the strong threat.} 12. Bc1 $1 {[%cal Rc1a3]} Qb4+ 13. Bd2 Qa3 {Strongly threatening ...Ne4.} 14. Bc1 Qb4+ 1/2-1/2

[Event "27th Keres Memorial 2018"]
[Site "Tallinn"]
[Date "2018.01.13"]
[Round "4"]
[White "Volodin, Aleksandr"]
[Black "Chigaev, Maksim"]
[Result "0-1"]
[WhiteElo "2397"]
[BlackElo "2639"]
[Annotator "TA"]
[PlyCount "124"]
[EventDate "2018.??.??"]
[EventType "swiss"]
[EventCountry "EST"]
[SourceTitle "playchess.com"]
[Source "ChessBase"]
[SourceQuality "1"]

{[%evp 17,124,0,22,22,29,16,18,10,27,0,31,-22,-33,-107,-108,-108,-108,-105,-104,-129,-121,-124,-112,-114,-100,-158,-106,-103,-93,-142,-100,-100,-98,-100,-97,-95,-101,-104,-77,-118,-112,-154,-117,-114,-104,-109,-97,-145,-139,-160,-151,-167,-160,-201,-139,-201,-201,-201,-201,-201,-201,-202,-188,-188,-188,-188,-188,-188,-188,-188,-188,-188,-188,-188,-183,-156,-165,-197,-208,-186,-173,-162,-164,-175,-175,-225,-173,-181,-161,-157,-119,-124,0,-158,-165,-163,-123,-129,-136,-124,-108,-113,-108,-108,-108,-435,-433,-966,-957]} 1. d4 Nf6 2. c4 e6 3. Nf3 b6 4. a3 Bb7 5. Nc3 d5 6. cxd5 Nxd5 7. Qc2 Be7 8. Bd2 Nxc3 {E12: Queen's Indian: Unusual White 4th moves, 4 a3, 4 Nc3 Bb7 5 a3 and 4 Nc3 Bb7} 9. Bxc3 Qd5 {LiveBook: 12 Games} 10. g3 O-O $146 {The position is equal.} ({Predecessor:} 10... Qf5 11. Qxf5 exf5 12. d5 O-O 13. Nd4 g6 14. Bg2 Nd7 15. O-O Rfe8 16. Rac1 {½-½ (48) Dreev,A (2650)-Epishin,V (2650) Tilburg 1994}) 11. Bg2 {[#] Hoping for Nh4.} Qh5 12. O-O Nd7 {[%cal Bb8d7,Bd7f6,Bf6d5][%mdl 32]} 13. Rad1 Nf6 14. Qa4 (14. Ne5 $14 Bxg2 15. Kxg2) 14... a5 15. Ne5 ({White should try} 15. Rc1 $15) 15... Bxg2 $17 16. Kxg2 Qxe2 17. Rfe1 Qa6 18. Qc6 Nd5 19. Bd2 Rad8 20. Rc1 Bd6 21. Qc2 (21. Qc4 $142 Qxc4 22. Nxc4) 21... Qa8 (21... Bxe5 $142 $1 22. dxe5 h6) 22. Nc6 Ne7 (22... Bc5 {feels hotter.} 23. dxc5 Qxc6 24. Kg1 h6 25. cxb6 Qxc2 26. Rxc2 cxb6 27. Rec1 Rd7) 23. Bg5 Nxc6 24. Qxc6 Qxc6+ 25. Rxc6 Rd7 26. Rec1 h6 27. Be3 a4 28. f4 Ra8 29. Bd2 Kf8 30. Kf3 Ke8 31. R1c2 Kd8 32. R6c4 Kc8 33. Be1 Kb7 34. h4 h5 35. Ke4 g6 36. Rc1 (36. Bb4 $17) 36... Be7 $19 37. R1c2 Ra6 38. Bb4 Bf6 39. Rd2 b5 40. Rc5 c6 41. Rc1 Ra8 42. Bc5 Rad8 43. Rcd1 Rd5 44. Rd3 R8d7 45. R1d2 Bd8 46. Rc2 Bc7 47. Rcd2 f6 48. Rd1 g5 49. hxg5 fxg5 50. Rh1 gxf4 51. gxf4 Rf5 52. Rh4 Rdf7 {White must now prevent ...Bd8.} 53. Rf3 Rd5 54. Rfh3 Rdf5 {[%cal Rf5f4]} 55. Rf3 $1 Rg7 $36 {[%mdl 2048] Black is in control.} 56. Bb4 Rg4 57. Rxg4 hxg4 $17 {KRB-KRB} 58. Rf1 g3 59. Bd2 Rh5 60. Rg1 Rh2 61. Kd3 $2 {[%mdl 8192]} (61. Bc3 $17 {is more resistant.}) 61... Rf2 $19 62. Rxg3 {[#]} (62. Be1 $142 Rxb2 63. Rxg3 Rb3+ 64. Kc2 Rxg3 65. Bxg3) 62... Rxd2+ $1 {[%mdl 512] Precision: White = 42%, Black = 56%.} 0-1

[Event "27th Keres Memorial 2018"]
[Site "Tallinn"]
[Date "2018.01.13"]
[Round "4"]
[White "Vovk, Ilja"]
[Black "Ladva, Ottomar"]
[Result "0-1"]
[WhiteElo "2288"]
[BlackElo "2452"]
[Annotator "TA"]
[PlyCount "80"]
[EventDate "2018.??.??"]
[EventType "swiss"]
[EventCountry "EST"]
[SourceTitle "playchess.com"]
[Source "ChessBase"]
[SourceQuality "1"]

{[%evp 9,80,-33,-34,-31,-31,-39,-34,-52,-55,-58,-38,-38,-32,-45,-42,-57,-54,-41,-62,-59,-59,-106,-106,-144,-141,-140,-105,-118,-106,-162,-106,-195,-189,-425,-410,-427,-427,-643,-597,-563,-455,-575,-548,-543,-541,-538,-527,-526,-530,-523,-521,-489,-462,-457,-456,-445,-438,-473,-473,-473,-473,-459,-419,-416,-416,-729,-729,-716,-712,-606,-421,-1502,-1391]} 1. e4 c5 2. b3 g6 3. Bb2 Nf6 4. e5 Nh5 5. e6 f6 $1 6. exd7+ {B20: Sizilianisch} Bxd7 7. Nf3 $146 ({Vorgänger:} 7. Nc3 Nc6 8. g3 Nd4 9. Bg2 Bc6 10. Bxc6+ Nxc6 {0-1 (49) Vavulin,M (2441)-Zvjaginsev,V (2660) Moscow 2015}) 7... e5 8. Bc4 {Schwarz steht etwas besser.} b5 9. Bd5 Bc6 (9... Nc6 {with more complications.} 10. g3 Rc8 11. Nh4 Bh3 12. Bg2 Bxg2 13. Nxg2 Bg7) 10. Bxc6+ Nxc6 11. Nc3 a6 12. O-O Bg7 13. a4 b4 14. Ne4 Qe7 15. Qe2 f5 16. Ng3 {Sxh5 ist eine echte Drohung.} Nf4 17. Qe3 O-O-O 18. d3 Rhe8 19. Nd2 (19. Rae1 $17 {ist wohl besser.}) 19... Bh6 (19... Nd5 $19 20. Qe2 Nd4 21. Bxd4 exd4) 20. Qf3 {[#]} (20. Ne2 $17) 20... e4 $1 $19 {[%cal Re4f3][%mdl 512]} 21. dxe4 $2 (21. Ndxe4 {war einen Versuch wert.} fxe4 22. Nxe4) 21... Rxd2 22. exf5 Kc7 23. Bc1 (23. f6 $142 Qe6 24. Rab1) 23... Nd4 24. Qg4 Nde2+ 25. Nxe2 Nxe2+ 26. Kh1 Nxc1 27. Raxc1 Rd4 28. f4 {[#]} Bxf4 $1 {[%mdl 512]} 29. c3 (29. Rxf4 Qe3) 29... bxc3 30. Rxc3 gxf5 31. Qxf5 Bd6 32. Rcf3 Kb8 33. h3 Qe5 34. Qxe5 Rxe5 35. Rf7 Re7 36. Rxe7 Bxe7 37. Rf7 (37. Rf3 $142) 37... Rd1+ {Schwarz steht klar auf Gewinn.} 38. Kh2 Bd6+ 39. g3 h5 {[%cal Bh7h5,Bh5h4][%mdl 32]} 40. Rf3 (40. Kg2 $142) 40... h4 {Precision: Weiß = 30%, Schwarz = 84%.} 0-1